|
|
|
|
| LEADER |
00000nab a2200000 a 4500 |
| 001 |
vtls001503793 |
| 003 |
SK-MaSNL |
| 005 |
20260303214515.0 |
| 008 |
050227s1997 xo 000 0 ger |
| 035 |
|
|
|a SPKCL6120
|
| 040 |
|
|
|a SPKCL
|b slo
|c SNKBUCL
|d ÚIP-SPK(LO)
|e AACR2
|
| 041 |
|
|
|a ger
|
| 044 |
|
|
|a xo
|c SK
|
| 080 |
|
|
|a 371.321:371.322.9:316.772.2:37.064.2
|2 1981
|
| 100 |
1 |
|
|a Kaiser, Constanze
|4 aut
|9 1249600
|
| 245 |
1 |
0 |
|a Körpersprachliches Ausdruckverhalten im Unterricht
|c Constanze Kaiser
|
| 520 |
|
|
|a Postoj učiteľov k neverbálnym prejavom žiakov.
|
| 773 |
1 |
|
|t Pädagogik und Schulalltag
|g Roč. 52, č. 4 (1997) s. 547
|
| 850 |
|
|
|a Slovenská pedagogická knižnica Bratislava
|
| 852 |
|
|
|a SPKCL
|b KIS3GCP
|b 000710000
|n SK
|
| 999 |
|
|
|c 2217337
|d 2219267
|